000 00598nam a22001577a 4500
003 OSt
005 20151002140613.0
008 151002b xxu||||| |||| 00| 0 eng d
040 _cRUA
082 _aAGR HO 2012 B050 Or.1
100 _91757
_aHO, CHEA
245 _aControlling of insect and disease on tomato province, វិធានការកម្ចាត់សត្វល្អិតចង្រៃ និងជំងឺនៅលើផលិតកម្មដំណាំប៉េងប៉ោះ
260 _aPhnom Penh
_bRUA
_c2012
300 _axiii; 54p.
_bill.
_c29cm.
942 _2ddc
_cAGR
999 _c1658
_d1658